000 00994nam a22002417a 4500
999 _c60691
_d60691
005 20231009131137.0
008 231009s1995 enk||||| |||| 00| 0 geo d
041 _ageo
080 _a904(479.22) K-47
100 _aKipiani, Guram
_920036
245 _aThe ancient city site of Vani /
_cby Guram Kipiani and Nodar Amashukely; photography of Valeri Salniker, George Bakuradze... etc ; editor by Tsira Basiladze.
264 _aTbilisi,
_c1995.
300 _a32 p. :
_b ill. ;
_c 20 cm.
653 _aვანის ნაქალაქარი
653 _aარქეოლოგია
653 _aუძველესი ქალაქები
653 _aსაქართველო.
700 _aAmashukely, Nodar
_eავტორი
_920037
700 _aSalniker, Valeri
_eფოტოგრაფი
_920038
700 _aBakuradze, George
_eფოტოგრაფი
_920039
700 _aBasiladze, Tsira
_eრედაქტორი
_920040
942 _2udc
_cBK